| 000 | 00963nam a22002657a 4500 | ||
|---|---|---|---|
| 005 | 20111213115130.0 | ||
| 008 | 111213t xxu||||| |||| 00| 0 eng d | ||
| 010 | _aENG-104309 | ||
| 020 |
_a9780198076629 _c850.00 |
||
| 020 |
_a0198076622 _c850.00 |
||
| 035 | _aEN-87842 | ||
| 037 | _bDBAD/PUB | ||
| 040 |
_aDPL _bEng |
||
| 082 | _a323 | ||
| 100 | 1 |
_aFischlin, Daniel _936887 |
|
| 245 | 1 | 4 |
_aThe community of rights the rights of community / _cby Daniel Fischlin [and] martha Nandorfy ; foreworded by Upendra Baxi |
| 260 |
_aNew Delhi _bOxford University Press _c2012 |
||
| 270 |
_aYMCA Library Building , 1 Jai Singh Road _bNew Delhi _e110001 |
||
| 300 |
_axiv,328p. _c23cm (Hb) |
||
| 500 | _aIncludes index | ||
| 700 |
_aNandorfy, Martha _936890 |
||
| 942 |
_2ddc _cEN _h323 _mFIS |
||
| 999 |
_c59385 _d59385 |
||